Legislación básica de derecho de la información / (Record no. 59985)

MARC details
000 -LEADER
campo de control de longitud fija 00889nam a2200265 i 4500
001 - NÚMERO DE CONTROL
campo de control 59985
003 - IDENTIFICADOR DE NÚMERO DE CONTROL
campo de control ES-MaACL
005 - FECHA Y HORA DE LA ÚLTIMA TRANSACCIÓN
campo de control 20250827062606.0
007 - CAMPO FIJO DE DESCRIPCIÓN FÍSICA--INFORMACIÓN GENERAL
campo de control de longitud fija t|
008 - DATOS DE LONGITUD FIJA--INFORMACIÓN GENERAL
campo de control de longitud fija 031031s1985 sp ||||1| spa d
020 ## - NÚMERO INTERNACIONAL ESTÁNDAR DEL LIBRO
Número Internacional Estándar del Libro 84-309-1164-2
110 1# - ENTRADA PRINCIPAL--NOMBRE DE ENTIDAD CORPORATIVA
Nombre de entidad corporativa o nombre de jurisdicción como elemento de entrada España
9 (RLIN) 3622
240 10 - TÍTULO UNIFORME
Título uniforme Leyes, etc.
245 10 - MENCIÓN DEL TÍTULO
Título Legislación básica de derecho de la información /
Mención de responsabilidad, etc. edición dirigida y prólogo por Enrique Gómez-Reino y Carnota con la colaboración de Enrique García Llovet.
260 ## - PUBLICACIÓN, DISTRIBUCIÓN, ETC.
Lugar de publicación, distribución, etc. Madrid :
Nombre del editor, distribuidor, etc. Tecnos,
Fecha de publicación, distribución, etc. [1985]
300 ## - DESCRIPCIÓN FÍSICA
Extensión 563 p. ;
Dimensiones 18 cm.
490 1# - MENCIÓN DE SERIE
Mención de serie Biblioteca de textos legales
700 1# - ENTRADA AGREGADA--NOMBRE PERSONAL
Nombre de persona Gómez-Reina y Carnota, Enrique.
9 (RLIN) 58127
700 1# - ENTRADA AGREGADA--NOMBRE PERSONAL
Nombre de persona García Llovet, Enrique.
9 (RLIN) 54831
740 0# - ENTRADA AGREGADA--TÍTULO RELACIONADO/ANALÍTICO NO CONTROLADO
Título relacionado o analítico no controlado Leyes, etc.
830 0# - PUNTO DE ACCESO ADICIONAL DE SERIE-TÍTULO UNIFORME
Título uniforme Biblioteca de textos legales
9 (RLIN) 177271
852 ## - LOCALIZACIÓN
Ubicación ES-MaACL
Número de control de estantería L-8209
Sublocalización o colección R.108953
852 ## - LOCALIZACIÓN
Ubicación ES-MaACL
Número de control de estantería L-9023
Sublocalización o colección R.110661
Holdings
Estatus retirado Estado de pérdida Estado de daño No para préstamo Biblioteca de origen Biblioteca actual Ubicación en estantería Fecha de adquisición Fuente de adquisición Total de préstamos Signatura topográfica completa Código de barras Visto por última vez Precio de reemplazo Tipo de ítem Koha
        Biblioteca del Ateneo de Madrid Biblioteca del Ateneo de Madrid Depósito 2 17/01/2008     L-9023 1062912 23/02/2023 23/02/2023 Libro impreso
        Biblioteca del Ateneo de Madrid Biblioteca del Ateneo de Madrid Depósito 2 17/01/2008     L-8209 1062911 23/02/2023 23/02/2023 Libro impreso